[Event "World Chess Olympiad 2018"]
[Site "Batumi"]
[Date "2018.10.04"]
[Round "10"]
[Board "2"]
[WhiteFideId "5107407"]
[White "Rojas Alarcon Julian Antonio"]
[BlackFideId "6100775"]
[Black "Rocha Maximiliano"]
[Result "1-0"]
[LiveChessVersion "1.4.8"]
[BlackElo "2185"]
[WhiteElo "2387"]

1. d4 {[%clk 1:30:46]} d5 {[%clk 1:30:52]} 2. Nf3 {[%clk 1:30:41]} Nf6
{[%clk 1:31:08]} 3. c4 {[%clk 1:27:26]} c6 {[%clk 1:30:01]} 4. e3
{[%clk 1:27:31]} e6 {[%clk 1:27:44]} 5. Bd3 {[%clk 1:25:05]} Bd6 {[%clk 1:26:44]}
6. b3 {[%clk 1:21:31]} b6 {[%clk 1:22:40]} 7. Bb2 {[%clk 1:14:30]} Bb7
{[%clk 1:20:40]} 8. Nbd2 {[%clk 1:12:36]} Nbd7 {[%clk 1:19:15]} 9. O-O
{[%clk 1:12:38]} O-O {[%clk 1:18:14]} 10. Qe2 {[%clk 1:01:55]} c5
{[%clk 1:16:16]} 11. Rfd1 {[%clk 1:01:37]} Ne4 {[%clk 1:06:32]} 12. cxd5
{[%clk 1:00:28]} exd5 {[%clk 1:06:50]} 13. Ba6 {[%clk 0:57:10]} Bxa6
{[%clk 1:01:04]} 14. Qxa6 {[%clk 0:57:12]} Qe7 {[%clk 0:54:46]} 15. dxc5
{[%clk 0:54:06]} Ndxc5 {[%clk 0:52:12]} 16. Qe2 {[%clk 0:54:17]} Rad8
{[%clk 0:50:27]} 17. Nd4 {[%clk 0:50:54]} Nxd2 {[%clk 0:38:34]} 18. Rxd2
{[%clk 0:50:59]} Ne4 {[%clk 0:38:54]} 19. Rc2 {[%clk 0:51:22]} Qg5
{[%clk 0:37:36]} 20. Rd1 {[%clk 0:46:29]} Rfe8 {[%clk 0:32:38]} 21. Nb5
{[%clk 0:35:42]} Bb8 {[%clk 0:28:00]} 22. Nc7 {[%clk 0:23:14]} Re6
{[%clk 0:19:38]} 23. Nxe6 {[%clk 0:21:54]} fxe6 {[%clk 0:20:07]} 24. Rdc1
{[%clk 0:20:48]} Nc5 {[%clk 0:14:59]} 25. b4 {[%clk 0:17:07]} Ne4
{[%clk 0:15:01]} 26. Rc8 {[%clk 0:17:10]} Nd6 {[%clk 0:15:29]} 27. Rxd8+
{[%clk 0:17:22]} Qxd8 {[%clk 0:15:58]} 28. Qg4 {[%clk 0:17:33]} Qd7
{[%clk 0:14:56]} 29. Be5 {[%clk 0:17:48]} 1-0

[Event "World Chess Olympiad 2018"]
[Site "Batumi"]
[Date "2018.10.04"]
[Round "10"]
[Board "3"]
[WhiteFideId "6100457"]
[White "Alfaro William"]
[BlackFideId "5105439"]
[Black "Dominguez Aguilar Guillermo"]
[Result "1/2-1/2"]
[LiveChessVersion "1.4.8"]
[BlackElo "2324"]
[WhiteElo "2163"]

1. d4 {[%clk 1:25:36]} Nf6 {[%clk 1:30:40]} 2. Nf3 {[%clk 1:25:51]} g6
{[%clk 1:30:51]} 3. c4 {[%clk 1:26:14]} Bg7 {[%clk 1:31:09]} 4. g3
{[%clk 1:26:36]} O-O {[%clk 1:31:32]} 5. Bg2 {[%clk 1:27:02]} d6 {[%clk 1:31:57]}
6. O-O {[%clk 1:27:30]} Nbd7 {[%clk 1:32:17]} 7. Nc3 {[%clk 1:27:59]} c6
{[%clk 1:32:27]} 8. e4 {[%clk 1:24:50]} e5 {[%clk 1:32:46]} 9. h3 exd4
{[%clk 1:28:48]} 10. Nxd4 {[%clk 1:23:39]} Qb6 {[%clk 1:29:08]} 11. Nb3
{[%clk 1:23:44]} Ne5 {[%clk 1:27:09]} 12. c5 {[%clk 0:59:43]} dxc5
{[%clk 1:18:22]} 13. Be3 {[%clk 0:59:18]} Be6 {[%clk 1:07:11]} 14. Nxc5
{[%clk 0:43:20]} Bc4 {[%clk 1:03:00]} 15. Re1 {[%clk 0:39:28]} Qxb2
{[%clk 0:50:53]} 16. N3a4 {[%clk 0:34:04]} Qa3 {[%clk 0:42:51]} 17. Bc1
{[%clk 0:34:12]} Qb4 {[%clk 0:42:04]} 18. Bd2 {[%clk 0:34:33]} Qa3
{[%clk 0:41:59]} 19. Bc1 {[%clk 0:34:59]} Qb4 {[%clk 0:42:27]} 20. Bd2
{[%clk 0:35:27]} Qa3 1/2-1/2

[Event "World Chess Olympiad 2018"]
[Site "Batumi"]
[Date "2018.10.04"]
[Round "10"]
[Board "4"]
[WhiteFideId "5114241"]
[White "Tello Chavez Isaac Valent"]
[BlackFideId "6100376"]
[Black "Picado Jorge"]
[Result "1-0"]
[LiveChessVersion "1.4.8"]
[BlackElo "2143"]
[WhiteElo "2319"]

1. d4 {[%clk 1:30:52]} e6 {[%clk 1:29:48]} 2. Bf4 {[%clk 1:30:54]} d5
{[%clk 1:28:14]} 3. e3 {[%clk 1:31:07]} Nf6 {[%clk 1:28:31]} 4. Bd3
{[%clk 1:31:05]} c5 {[%clk 1:28:40]} 5. c3 {[%clk 1:30:38]} Nc6 {[%clk 1:28:56]}
6. Nf3 {[%clk 1:30:46]} c4 {[%clk 1:27:38]} 7. Bc2 {[%clk 1:30:57]} Be7
{[%clk 1:27:48]} 8. Nbd2 {[%clk 1:29:57]} b5 {[%clk 1:27:23]} 9. a3
{[%clk 1:27:06]} Bb7 {[%clk 1:27:32]} 10. Ne5 {[%clk 1:19:03]} Nxe5
{[%clk 1:21:05]} 11. dxe5 {[%clk 1:19:28]} Nd7 {[%clk 1:15:12]} 12. O-O
{[%clk 1:12:15]} g5 {[%clk 1:11:01]} 13. Bg3 {[%clk 1:12:36]} h5 {[%clk 1:11:23]}
14. h3 {[%clk 1:08:26]} Qc7 {[%clk 1:08:46]} 15. Nf3 {[%clk 1:01:50]} a5
{[%clk 0:58:19]} 16. Nd4 {[%clk 1:00:09]} Qb6 {[%clk 0:46:27]} 17. f4
{[%clk 0:49:13]} gxf4 {[%clk 0:41:21]} 18. exf4 {[%clk 0:48:53]} O-O-O
{[%clk 0:39:02]} 19. Bf2 {[%clk 0:39:56]} Bc5 {[%clk 0:39:05]} 20. a4
{[%clk 0:39:26]} b4 {[%clk 0:30:39]} 21. cxb4 {[%clk 0:30:56]} Qxb4
{[%clk 0:28:23]} 22. b3 {[%clk 0:30:00]} Nb8 {[%clk 0:22:23]} 23. Rb1
{[%clk 0:27:19]} c3 {[%clk 0:19:21]} 24. f5 {[%clk 0:21:41]} Nc6 {[%clk 0:18:58]}
25. Nb5 {[%clk 0:17:19]} Ba6 {[%clk 0:14:08]} 26. fxe6 {[%clk 0:16:39]} fxe6
{[%clk 0:14:23]} 27. Bd3 {[%clk 0:15:08]} Bxb5 {[%clk 0:12:04]} 28. Bxb5
{[%clk 0:15:24]} Na7 {[%clk 0:05:40]} 29. Bd3 {[%clk 0:11:45]} Rhf8
{[%clk 0:06:02]} 30. Bxc5 {[%clk 0:10:58]} Qxc5+ {[%clk 0:06:31]} 31. Kh1
{[%clk 0:11:27]} Nc6 {[%clk 0:06:40]} 32. Qxh5 {[%clk 0:07:11]} Nb4
{[%clk 0:06:54]} 33. Qg6 {[%clk 0:06:11]} Kb8 {[%clk 0:05:56]} 34. Rfd1
{[%clk 0:00:59]} c2 {[%clk 0:01:32]} 35. Bxc2 {[%clk 0:01:24]} Qxc2
{[%clk 0:02:00]} 36. Qxe6 {[%clk 0:01:13]} Qc6 {[%clk 0:02:28]} 37. Qxc6
{[%clk 0:00:56]} Nxc6 {[%clk 0:02:57]} 38. Rbc1 {[%clk 0:01:15]} Kb7
{[%clk 0:03:14]} 39. Rc5 {[%clk 0:01:10]} d4 {[%clk 0:03:34]} 40. Rdc1
{[%clk 0:30:45]} Rc8 {[%clk 0:32:26]} 41. Rb5+ {[%clk 0:24:45]} Ka7
{[%clk 0:22:36]} 42. Rd5 {[%clk 0:20:27]} Rfe8 {[%clk 0:15:44]} 43. Rcc5
{[%clk 0:16:25]} Kb6 {[%clk 0:14:32]} 44. Rb5+ {[%clk 0:13:24]} Kc7
{[%clk 0:14:32]} 45. Kg1 {[%clk 0:12:40]} Rcd8 {[%clk 0:14:35]} 46. Rxd8
{[%clk 0:10:36]} Kxd8 {[%clk 0:12:21]} 47. Kf2 {[%clk 0:07:19]} Kc7
{[%clk 0:12:50]} 48. g4 {[%clk 0:06:55]} Rxe5 {[%clk 0:10:54]} 49. g5
{[%clk 0:07:15]} Kd6 {[%clk 0:10:04]} 50. g6 {[%clk 0:06:41]} Re8
{[%clk 0:07:29]} 51. Rg5 {[%clk 0:05:57]} d3 {[%clk 0:06:58]} 52. Rg1
{[%clk 0:04:09]} Kd5 {[%clk 0:07:01]} 53. g7 {[%clk 0:04:19]} d2 {[%clk 0:05:54]}
54. Rd1 {[%clk 0:03:41]} Rg8 {[%clk 0:06:13]} 55. Rxd2+ {[%clk 0:04:06]} Ke6
{[%clk 0:06:21]} 56. Rc2 {[%clk 0:03:27]} Kd6 {[%clk 0:06:16]} 57. Rd2+
{[%clk 0:03:10]} Kc7 {[%clk 0:06:44]} 58. h4 {[%clk 0:02:52]} Rxg7
{[%clk 0:07:12]} 59. Rd5 {[%clk 0:02:23]} Rg4 {[%clk 0:06:56]} 60. h5
{[%clk 0:02:33]} Kb6 {[%clk 0:05:54]} 61. Rb5+ {[%clk 0:02:07]} Ka6
{[%clk 0:05:37]} 62. Kf3 {[%clk 0:02:17]} Rg8 {[%clk 0:04:34]} 63. Ke4
{[%clk 0:02:03]} Rd8 {[%clk 0:04:47]} 64. h6 {[%clk 0:01:35]} Nd4
{[%clk 0:03:45]} 65. Rd5 {[%clk 0:01:37]} 1-0

[Event "World Chess Olympiad 2018"]
[Site "Batumi"]
[Date "2018.10.04"]
[Round "10"]
[Board "1"]
[WhiteFideId "4800249"]
[White "Noah A .H. Al-Ali"]
[BlackFideId "14306352"]
[Black "Lima Osvaldo Dos Santos"]
[Result "0-1"]
[LiveChessVersion "1.4.8"]
[BlackElo "1803"]
[WhiteElo "2276"]

1. Nf3 {[%clk 1:25:42]} g6 {[%clk 1:21:56]} 2. e4 {[%clk 1:26:00]} d6
{[%clk 1:21:29]} 3. Bc4 {[%clk 1:26:26]} Bg7 {[%clk 1:21:10]} 4. Bb3
{[%clk 1:26:37]} Nf6 {[%clk 1:21:49]} 5. Qe2 {[%clk 1:26:41]} Nc6
{[%clk 1:22:09]} 6. d4 {[%clk 1:26:15]} Bg4 {[%clk 1:21:28]} 7. c3
{[%clk 1:26:41]} O-O {[%clk 1:20:40]} 8. Nbd2 {[%clk 1:25:45]} e5
{[%clk 1:20:45]} 9. d5 {[%clk 1:24:51]} Ne7 {[%clk 1:21:07]} 10. h3
{[%clk 1:22:42]} Bxf3 {[%clk 1:18:09]} 11. Nxf3 {[%clk 1:23:09]} Nd7
{[%clk 1:17:52]} 12. g4 {[%clk 1:22:44]} Nc5 {[%clk 1:16:05]} 13. Bc2
{[%clk 1:22:21]} a5 {[%clk 1:16:09]} 14. h4 {[%clk 1:19:43]} f5 {[%clk 1:14:58]}
15. h5 {[%clk 1:04:16]} fxe4 {[%clk 1:14:00]} 16. Ng5 {[%clk 0:50:47]} h6
{[%clk 1:13:39]} 17. Nxe4 {[%clk 0:48:12]} Nxd5 {[%clk 1:12:05]} 18. Nxc5
{[%clk 0:33:37]} dxc5 {[%clk 1:12:21]} 19. hxg6 {[%clk 0:19:06]} Nf4
{[%clk 1:11:48]} 20. Bxf4 {[%clk 0:04:55]} Rxf4 {[%clk 1:10:42]} 21. Rh5
{[%clk 0:03:27]} c4 {[%clk 1:09:27]} 22. Be4 {[%clk 0:03:17]} c6 {[%clk 1:06:45]}
23. Bf5 {[%clk 0:01:56]} Qe7 {[%clk 1:02:36]} 24. Rd1 {[%clk 0:02:25]} Rd8
{[%clk 1:01:10]} 25. Be6+ {[%clk 0:02:53]} Kf8 {[%clk 0:59:40]} 26. Rxd8+
{[%clk 0:01:52]} Qxd8 {[%clk 1:00:08]} 27. Bxc4 {[%clk 0:01:59]} Qd6
{[%clk 0:58:07]} 28. Bf7 {[%clk 0:01:49]} a4 {[%clk 0:57:35]} 29. a3
{[%clk 0:02:03]} b5 {[%clk 0:57:28]} 30. Rh3 {[%clk 0:01:21]} Qd7
{[%clk 0:56:10]} 31. Rd3 {[%clk 0:01:17]} Qe7 {[%clk 0:54:28]} 32. Qd2
{[%clk 0:01:00]} Bf6 {[%clk 0:52:22]} 33. Rd7 {[%clk 0:01:00]} Qc5
{[%clk 0:51:18]} 34. g7+ {[%clk 0:00:40]} Kxg7 {[%clk 0:51:40]} 35. Bh5+
{[%clk 0:00:39]} Be7 {[%clk 0:51:58]} 36. Qe3 {[%clk 0:00:52]} Kf6
{[%clk 0:51:12]} 37. Qh3 {[%clk 0:00:54]} Qxf2+ {[%clk 0:51:08]} 38. Kd1
{[%clk 0:01:23]} Qg1+ {[%clk 0:45:28]} 39. Kc2 {[%clk 0:31:48]} Rf2+
{[%clk 1:13:00]} 40. Rd2 {[%clk 0:32:17]} Rxd2+ {[%clk 1:12:27]} 41. Kxd2
{[%clk 0:32:45]} Qf2+ {[%clk 1:11:23]} 42. Kd1 {[%clk 0:29:05]} e4
{[%clk 1:09:43]} 43. Be8 {[%clk 0:27:13]} Kg7 {[%clk 1:07:52]} 44. g5
{[%clk 0:25:13]} Bxg5 {[%clk 1:07:07]} 45. Qd7+ {[%clk 0:25:40]} Kf8
{[%clk 1:07:02]} 46. Qd6+ {[%clk 0:25:29]} Kxe8 {[%clk 1:06:42]} 47. Qxc6+
{[%clk 0:25:53]} Kf7 {[%clk 1:06:13]} 48. Qb7+ {[%clk 0:25:43]} Kf6
{[%clk 1:04:09]} 49. Qc6+ {[%clk 0:26:10]} Ke5 {[%clk 1:02:54]} 50. Qxb5+
{[%clk 0:25:02]} Kf4 {[%clk 1:03:02]} 51. Kc1 {[%clk 0:25:22]} Qe1+
{[%clk 0:58:44]} 52. Kc2 {[%clk 0:25:49]} Kg4 {[%clk 0:57:51]} 53. Qd7+
{[%clk 0:24:36]} Kh4 {[%clk 0:57:40]} 54. Qxa4 {[%clk 0:24:24]} Qc1+
{[%clk 0:57:07]} 55. Kb3 {[%clk 0:24:52]} Qd1+ {[%clk 0:56:47]} 56. Kb4
{[%clk 0:25:20]} Qxa4+ {[%clk 0:56:33]} 57. Kxa4 {[%clk 0:25:48]} e3
{[%clk 0:56:40]} 58. Kb3 {[%clk 0:26:17]} e2 {[%clk 0:56:31]} 0-1

[Event "World Chess Olympiad 2018"]
[Site "Batumi"]
[Date "2018.10.04"]
[Round "10"]
[Board "2"]
[WhiteFideId "16900049"]
[White "Espirito Santo Waldyr"]
[BlackFideId "4801040"]
[Black "Al-Saffar Araz Basim Mohammed S"]
[Result "0-1"]
[LiveChessVersion "1.4.8"]
[BlackElo "2400"]
[WhiteElo "1903"]

1. e4 {[%clk 1:30:56]} e5 {[%clk 1:30:49]} 2. Nf3 {[%clk 1:31:02]} Nc6
{[%clk 1:31:14]} 3. Nc3 {[%clk 1:30:59]} Nf6 {[%clk 1:30:30]} 4. g3
{[%clk 1:29:44]} d5 {[%clk 1:30:13]} 5. exd5 {[%clk 1:29:23]} Nxd5
{[%clk 1:30:37]} 6. Bg2 {[%clk 1:28:15]} Nxc3 {[%clk 1:30:25]} 7. bxc3
{[%clk 1:28:13]} Bc5 {[%clk 1:30:20]} 8. O-O {[%clk 1:27:57]} O-O
{[%clk 1:30:15]} 9. Nxe5 {[%clk 1:23:03]} Nxe5 {[%clk 1:29:42]} 10. d4
{[%clk 1:23:22]} Bd6 {[%clk 1:26:02]} 11. dxe5 {[%clk 1:23:09]} Bxe5
{[%clk 1:26:28]} 12. Ba3 {[%clk 1:17:24]} Re8 {[%clk 1:25:28]} 13. Qf3
{[%clk 1:13:13]} c6 {[%clk 1:20:52]} 14. Rab1 {[%clk 1:07:48]} Qc7
{[%clk 1:20:20]} 15. Bb2 {[%clk 0:56:51]} Be6 {[%clk 1:20:08]} 16. a3
{[%clk 0:56:40]} Rad8 {[%clk 1:20:00]} 17. Rfe1 {[%clk 0:54:17]} Bf6
{[%clk 1:18:48]} 18. Qh5 {[%clk 0:52:10]} Rd2 {[%clk 1:17:57]} 19. Bc1
{[%clk 0:51:08]} Rdd8 {[%clk 1:06:35]} 20. Bf4 {[%clk 0:48:10]} Qc8
{[%clk 1:06:43]} 21. Be4 {[%clk 0:46:42]} g6 {[%clk 1:06:40]} 22. Qa5
{[%clk 0:43:10]} Ba2 {[%clk 1:03:31]} 23. Ra1 {[%clk 0:38:30]} b6
{[%clk 1:02:46]} 24. Qb4 {[%clk 0:37:20]} c5 {[%clk 1:02:44]} 25. Qb2
{[%clk 0:37:13]} Bc4 {[%clk 1:02:05]} 26. Bg2 {[%clk 0:34:27]} Qa6
{[%clk 1:01:10]} 27. Bc6 {[%clk 0:33:10]} Rxe1+ {[%clk 1:00:29]} 28. Rxe1
{[%clk 0:33:37]} Qa5 {[%clk 0:59:21]} 29. Re3 {[%clk 0:27:32]} Rd1+
{[%clk 0:52:19]} 30. Kg2 {[%clk 0:27:46]} Kg7 {[%clk 0:52:37]} 31. Be5
{[%clk 0:24:37]} Bxe5 {[%clk 0:52:41]} 32. Rxe5 {[%clk 0:24:56]} Qa6
{[%clk 0:53:00]} 33. h4 {[%clk 0:19:05]} Qc8 {[%clk 0:50:36]} 34. Be4
{[%clk 0:14:10]} Re1 {[%clk 0:32:58]} 35. f4 {[%clk 0:04:39]} Rxe4
{[%clk 0:32:17]} 36. Rxe4 {[%clk 0:05:05]} Qc6 {[%clk 0:32:41]} 37. Kf3
{[%clk 0:04:50]} f5 {[%clk 0:33:04]} 0-1

[Event "World Chess Olympiad 2018"]
[Site "Batumi"]
[Date "2018.10.04"]
[Round "10"]
[Board "4"]
[WhiteFideId "16900057"]
[White "Rita Jose"]
[BlackFideId "4801695"]
[Black "Muhseen ABdullah Mohammed"]
[Result "0-1"]
[LiveChessVersion "1.4.8"]
[BlackElo "2220"]
[WhiteElo "1695"]

1. c4 {[%clk 1:30:26]} f5 {[%clk 1:28:44]} 2. d4 {[%clk 1:23:35]} Nf6
{[%clk 1:29:08]} 3. Nc3 {[%clk 1:23:53]} e6 {[%clk 1:29:08]} 4. Nf3
{[%clk 1:23:54]} b6 {[%clk 1:29:20]} 5. g3 {[%clk 1:23:58]} Bb7 {[%clk 1:29:06]}
6. Bg2 {[%clk 1:24:10]} Be7 {[%clk 1:28:58]} 7. O-O {[%clk 1:22:43]} O-O
{[%clk 1:29:22]} 8. a3 {[%clk 1:22:25]} Qe8 {[%clk 1:27:18]} 9. Nb5
{[%clk 1:21:20]} Bd8 {[%clk 1:24:36]} 10. Bf4 {[%clk 1:21:23]} Na6
{[%clk 1:14:04]} 11. b4 {[%clk 1:20:21]} Ne4 {[%clk 1:13:06]} 12. Rc1
{[%clk 1:18:52]} d6 {[%clk 1:06:54]} 13. Nc3 {[%clk 1:17:43]} Nb8
{[%clk 1:03:37]} 14. Nxe4 {[%clk 1:16:51]} Bxe4 {[%clk 1:03:45]} 15. c5
{[%clk 1:16:37]} bxc5 {[%clk 0:55:58]} 16. dxc5 d5 {[%clk 0:52:53]} 17. Ne5
{[%clk 1:13:36]} Bxg2 {[%clk 0:52:15]} 18. Kxg2 {[%clk 1:13:58]} Bf6
{[%clk 0:51:42]} 19. Nf3 {[%clk 1:14:20]} Qd7 {[%clk 0:43:55]} 20. Qb3
{[%clk 1:13:32]} Nc6 {[%clk 0:43:45]} 21. Rfd1 {[%clk 1:12:31]} a6
{[%clk 0:39:51]} 22. Bg5 {[%clk 1:10:47]} Qe8 {[%clk 0:26:14]} 23. Bxf6
{[%clk 1:10:59]} Rxf6 {[%clk 0:26:17]} 24. Qa4 {[%clk 1:11:16]} Rf7
{[%clk 0:21:09]} 25. Nd4 {[%clk 1:10:58]} Nxd4 {[%clk 0:21:25]} 26. Qxe8+
{[%clk 1:11:06]} Rxe8 {[%clk 0:21:52]} 27. Rxd4 {[%clk 1:11:29]} c6
{[%clk 0:22:14]} 28. f4 {[%clk 1:11:05]} e5 {[%clk 0:22:11]} 29. fxe5
{[%clk 1:10:06]} Rxe5 {[%clk 0:22:34]} 30. Kf3 {[%clk 1:09:51]} Rfe7
{[%clk 0:22:51]} 31. Rc2 {[%clk 1:08:55]} Re3+ {[%clk 0:23:00]} 32. Kf4
{[%clk 1:07:42]} g6 {[%clk 0:22:40]} 33. a4 {[%clk 1:07:24]} Kg7 {[%clk 0:21:29]}
34. h4 {[%clk 1:02:46]} Kf6 {[%clk 0:21:26]} 35. g4 {[%clk 1:01:58]} R7e4+
{[%clk 0:21:20]} 36. Rxe4 {[%clk 1:01:41]} Rxe4+ {[%clk 0:21:48]} 37. Kf3
{[%clk 1:01:57]} fxg4+ {[%clk 0:22:13]} 38. Kg3 {[%clk 1:01:45]} Rxb4
{[%clk 0:22:38]} 39. a5 {[%clk 1:01:52]} h5 {[%clk 0:21:57]} 40. e3
{[%clk 1:30:20]} g5 {[%clk 0:51:17]} 41. Rf2+ {[%clk 1:30:04]} Kg6
{[%clk 0:51:40]} 42. Rf8 {[%clk 1:29:30]} gxh4+ {[%clk 0:51:57]} 43. Kxh4
{[%clk 1:29:03]} Rc4 {[%clk 0:51:48]} 44. Rg8+ {[%clk 1:28:40]} Kf5
{[%clk 0:51:13]} 45. Ra8 {[%clk 1:28:00]} Rxc5 {[%clk 0:51:20]} 46. Rxa6
{[%clk 1:27:21]} Ke4 {[%clk 0:51:38]} 47. Rb6 {[%clk 1:26:10]} Rxa5
{[%clk 0:51:29]} 48. Rxc6 {[%clk 1:25:19]} Kxe3 {[%clk 0:51:59]} 49. Re6+
{[%clk 1:24:46]} Kf4 {[%clk 0:51:46]} 50. Rf6+ {[%clk 1:24:43]} Ke5
{[%clk 0:52:02]} 51. Rh6 {[%clk 1:23:58]} Ra1 {[%clk 0:51:54]} 52. Kg3
{[%clk 1:23:03]} Ra3+ {[%clk 0:51:45]} 53. Kf2 {[%clk 1:23:28]} Rf3+
{[%clk 0:51:58]} 54. Ke2 {[%clk 1:23:44]} Rf5 {[%clk 0:52:21]} 55. Ke3
{[%clk 1:22:38]} d4+ {[%clk 0:51:37]} 56. Ke2 {[%clk 1:23:01]} g3
{[%clk 0:51:47]} 57. Rg6 {[%clk 1:23:05]} h4 {[%clk 0:52:09]} 58. Kd3
{[%clk 1:23:05]} Rf3+ {[%clk 0:51:41]} 59. Ke2 {[%clk 1:23:30]} Re3+
{[%clk 0:51:58]} 60. Kf1 {[%clk 1:23:52]} h3 {[%clk 0:52:23]} 61. Rh6
{[%clk 1:22:29]} g2+ {[%clk 0:52:27]} 62. Kf2 {[%clk 1:22:27]} Re2+
{[%clk 0:52:32]} 63. Kxe2 {[%clk 1:21:35]} g1=Q {[%clk 0:52:53]} 0-1

[Event "World Chess Olympiad 2018"]
[Site "Batumi"]
[Date "2018.10.04"]
[Round "10"]
[Board "1"]
[WhiteFideId "22600078"]
[White "Barcon Harmon"]
[BlackFideId "11200243"]
[Black "Ayyad Husain"]
[Result "0-1"]
[LiveChessVersion "1.4.8"]
[BlackElo "2243"]
[WhiteElo "1896"]

1. e4 {[%clk 1:30:58]} e5 {[%clk 1:30:56]} 2. Nf3 {[%clk 1:31:25]} Nc6
{[%clk 1:31:20]} 3. Bb5 {[%clk 1:31:49]} a6 {[%clk 1:31:46]} 4. Ba4
{[%clk 1:32:10]} Nf6 {[%clk 1:32:01]} 5. O-O {[%clk 1:32:38]} Be7
{[%clk 1:32:26]} 6. Re1 {[%clk 1:33:01]} b5 {[%clk 1:32:52]} 7. Bb3
{[%clk 1:33:00]} d6 {[%clk 1:33:18]} 8. c3 {[%clk 1:33:24]} O-O {[%clk 1:33:43]}
9. h3 {[%clk 1:33:47]} Na5 {[%clk 1:34:04]} 10. Bc2 {[%clk 1:33:57]} c5
{[%clk 1:34:31]} 11. a4 {[%clk 1:33:48]} Bb7 {[%clk 1:34:53]} 12. d4
{[%clk 1:33:17]} cxd4 {[%clk 1:35:10]} 13. cxd4 {[%clk 1:33:38]} Nc6
{[%clk 1:35:38]} 14. Nc3 {[%clk 1:31:23]} b4 {[%clk 1:23:29]} 15. Ne2
{[%clk 1:30:43]} Re8 {[%clk 1:17:16]} 16. Ng3 {[%clk 1:30:33]} Bf8
{[%clk 1:17:40]} 17. Bg5 {[%clk 1:29:39]} h6 {[%clk 1:18:06]} 18. Be3
{[%clk 1:28:24]} Rc8 {[%clk 1:16:34]} 19. Rc1 {[%clk 1:27:15]} d5
{[%clk 1:11:30]} 20. dxe5 {[%clk 1:23:47]} Nxe5 {[%clk 1:04:07]} 21. Nxe5
{[%clk 1:24:00]} Rxe5 {[%clk 1:04:35]} 22. Bd4 {[%clk 1:24:18]} Re6
{[%clk 1:00:52]} 23. Bxf6 {[%clk 1:20:35]} Qxf6 {[%clk 1:00:42]} 24. exd5
{[%clk 1:20:34]} Rxe1+ {[%clk 1:00:58]} 25. Qxe1 {[%clk 1:20:47]} Qxb2
{[%clk 1:01:01]} 26. Qd2 {[%clk 1:20:27]} Kh8 {[%clk 1:00:37]} 27. Qf4
{[%clk 1:11:30]} b3 {[%clk 0:57:31]} 28. Ne2 {[%clk 1:10:10]} Rxc2
{[%clk 0:57:53]} 29. Rd1 {[%clk 1:08:54]} Rxe2 {[%clk 0:58:02]} 30. Qb8
{[%clk 1:09:11]} Rxf2 {[%clk 0:56:51]} 31. Qxf8+ {[%clk 1:09:27]} Kh7
{[%clk 0:57:19]} 32. Qd6 {[%clk 1:09:33]} Rxg2+ {[%clk 0:57:32]} 33. Kh1
{[%clk 1:09:58]} Rg5 {[%clk 0:57:45]} 0-1

[Event "World Chess Olympiad 2018"]
[Site "Batumi"]
[Date "2018.10.04"]
[Round "10"]
[Board "2"]
[WhiteFideId "11200235"]
[White "Ayyad Maher"]
[BlackFideId "22600124"]
[Black "Jacob Jallah"]
[Result "1-0"]
[LiveChessVersion "1.4.8"]
[BlackElo "1835"]
[WhiteElo "2106"]

1. d4 {[%clk 1:30:53]} d5 {[%clk 1:30:24]} 2. Nf3 {[%clk 1:31:18]} Nf6
{[%clk 1:30:45]} 3. Bf4 {[%clk 1:31:43]} e6 {[%clk 1:30:43]} 4. e3
{[%clk 1:32:09]} h6 {[%clk 1:30:06]} 5. Nbd2 {[%clk 1:32:02]} Be7
{[%clk 1:29:22]} 6. Bd3 {[%clk 1:32:26]} Nc6 {[%clk 1:29:22]} 7. c3
{[%clk 1:32:52]} a6 {[%clk 1:27:36]} 8. Qe2 {[%clk 1:33:02]} Bd6 {[%clk 1:26:12]}
9. Bg3 {[%clk 1:30:11]} O-O {[%clk 1:24:03]} 10. Ne5 {[%clk 1:30:16]} Bxe5
{[%clk 1:15:27]} 11. dxe5 {[%clk 1:27:24]} Nd7 {[%clk 1:15:01]} 12. f4
{[%clk 1:27:42]} Ne7 {[%clk 1:09:19]} 13. e4 {[%clk 1:27:07]} Nc5
{[%clk 1:08:25]} 14. Bc2 {[%clk 1:27:31]} Bd7 {[%clk 1:03:10]} 15. Bf2
{[%clk 1:26:11]} Na4 {[%clk 1:01:54]} 16. exd5 {[%clk 1:25:33]} exd5
{[%clk 1:01:05]} 17. Rb1 {[%clk 1:24:48]} Qc8 {[%clk 0:59:03]} 18. O-O
{[%clk 1:23:03]} c5 {[%clk 0:58:07]} 19. b3 {[%clk 1:23:04]} Nxc3
{[%clk 0:57:55]} 20. Qd3 {[%clk 1:20:00]} Ne4 {[%clk 0:58:10]} 21. Nxe4
{[%clk 1:20:04]} dxe4 {[%clk 0:58:04]} 22. Qxe4 {[%clk 1:17:49]} Bf5
{[%clk 0:58:32]} 23. Qe2 {[%clk 1:17:54]} Bxc2 {[%clk 0:55:20]} 24. Qxc2
{[%clk 1:18:21]} b6 {[%clk 0:55:12]} 25. Rbd1 {[%clk 1:16:25]} Qg4
{[%clk 0:54:07]} 26. Qe4 {[%clk 1:16:18]} Ng6 {[%clk 0:52:04]} 27. Bg3
{[%clk 1:14:53]} Ra7 {[%clk 0:49:39]} 28. Qc6 {[%clk 1:14:35]} Raa8
{[%clk 0:45:30]} 29. Qxb6 {[%clk 1:14:15]} Rac8 {[%clk 0:44:39]} 30. Rc1
{[%clk 1:10:27]} h5 {[%clk 0:44:26]} 31. f5 {[%clk 1:10:00]} Ne7 {[%clk 0:44:06]}
32. Rc4 {[%clk 1:09:03]} Qe2 {[%clk 0:43:53]} 33. Qb7 {[%clk 1:06:32]} Rfe8
{[%clk 0:42:52]} 34. f6 {[%clk 1:06:23]} gxf6 {[%clk 0:37:32]} 35. Rxf6
{[%clk 0:57:37]} Rcd8 {[%clk 0:35:19]} 36. Rcf4 {[%clk 0:57:14]} h4
{[%clk 0:27:36]} 37. Bxh4 {[%clk 0:56:19]} Qxe5 {[%clk 0:25:53]} 38. h3
{[%clk 0:53:50]} Rd1+ {[%clk 0:26:04]} 39. Kh2 {[%clk 0:54:16]} Qa1
{[%clk 0:22:59]} 40. Rxf7 {[%clk 1:17:57]} Ng6 {[%clk 0:49:24]} 41. R7f5
{[%clk 1:10:08]} Rh1+ {[%clk 0:48:06]} 42. Kg3 {[%clk 1:10:12]} Qe1+
{[%clk 0:47:30]} 43. Rf2 {[%clk 1:09:02]} Ne7 {[%clk 0:45:00]} 44. Rg5+
{[%clk 1:08:44]} Kh7 {[%clk 0:44:59]} 45. Qf3 {[%clk 1:09:06]} Qe6
{[%clk 0:43:00]} 46. Qh5+ {[%clk 1:09:26]} 1-0